| 000 | 00778nam a2200289Ia 4500 | ||
|---|---|---|---|
| 001 | 14870 | ||
| 003 | IT-RoPAU | ||
| 008 | 130308s9999 xx 000 0 und d | ||
| 040 | _aIT-RoPAU | ||
| 040 | _cIT-RoPAU | ||
| 041 | _aITALIANO | ||
| 100 | _aWeber Max | ||
| 100 | _gCodice Aut. SPICS: 520 | ||
| 245 | _aProblemi tecnici della musica, oggetto di indagine storica e sociologica (I) | ||
| 245 | _bSociologia della Musica (La)-Antologia | ||
| 250 | _a1a ed. | ||
| 260 | _aTORINO | ||
| 260 | _bEDT | ||
| 260 | _c1980 [1° Ed.:1980 - Ed.Ling.Originale:1917] | ||
| 300 | _a"4 p. (prefazione: no ; testo: 4 [pagine: 77-80])" | ||
| 650 | _aSAGGI MUSICALI | ||
| 650 | _eCodice materia Spics: 7011 | ||
| 942 | _cBK | ||
| 957 | _71 | ||
| 999 |
_c60329 _d60329 |
||
| 999 | _bSI | ||
| 999 | _g1 | ||